00441nam a2200193Ia 4500008004100000020001400041050001600055100001900071245002200090245002200112260001000134260001600144260000900160300001600169300002000185300001000205300002600215440000600241170918s9999 xx 000 0 und d a439680239 bF247bi 2004 aFarshtey, Greg aMaze of shadows / cby Greg Farshtey. aUSA : bScholastic, c2004 a124 pages : billustrations ; c19cm. eBionicle adventures ; a6